Budidaya Udang
Saved in:
| 主要作者: | |
|---|---|
| 格式: | 圖書 |
| 語言: | English |
| 出版: |
Semarang
CV. Aneka Ilmu
2001
|
| 主題: | |
| 標簽: |
添加標簽
沒有標簽, 成為第一個標記此記錄!
|
| LEADER | 00382nam a22001577a 4500 | ||
|---|---|---|---|
| 007 | ta | ||
| 008 | 120912t2001 xxu||||| |||| 00| 0 eng d | ||
| 041 | |a IND | ||
| 082 | |2 21 |a 639.5 | ||
| 100 | |a SUGIYATNO |9 5400 | ||
| 245 | |a Budidaya Udang | ||
| 260 | |a Semarang |b CV. Aneka Ilmu |c 2001 | ||
| 300 | |a iii,62 hlm; illus; 21 cm | ||
| 650 | |a Budidaya udang |9 20689 | ||
| 942 | |2 ddc |c BK | ||
| 999 | |c 15929 |d 15929 | ||